000 00664nam a22002297a 4500
003 UA-OsUOA
001 62346
007 ta
008 20090820b un ||||| |||| 00| 0 ukr d
100 _aБаженов Н.
090 _a811.161.1(075.8)
_bБ16
942 _cBK
040 _aUA-OsUOA
_brus
_cUA-OsUOA
_dUA-OsUOA
245 _aУчебник русского языка
300 _a178 с.
955 _a2
041 _arus
080 _a811.161.1(075.8)
260 _aК.
_bРадянська школа
_c1959
650 7 _a8 Мовознавство. Художня література. Літературознавство
_2UDC
999 _c348436
_d348436